[Event "20th Belgrade Trophy"]
[Site "Belgrade SRB"]
[Date "2007.11.26"]
[Round "5"]
[White "Velickovic,Sa"]
[Black "Ivanov,Stoi"]
[Result "1-0"]
[WhiteElo "2404"]
[BlackElo "2231"]

1.e4 c5 2.Nc3 Nc6 3.Nge2 e6 4.g3 Nf6 5.Bg2 Be7 6.O-O O-O 7.d4 cxd4 8.Nxd4 d5
9.exd5 exd5 10.h3 Qb6 11.Nce2 Be6 12.c3 Rad8 13.Qc2 Rfe8 14.Be3 Qc7 15.Rad1 a6
16.Rfe1 Bc8 17.Nf4 Bd6 18.Nde2 Ne7 19.Bd4 Be5 20.Bxe5 Qxe5 21.Nd4 Qc7 22.Qb3 g5
23.Nd3 Nf5 24.Rxe8+ Rxe8 25.Nxf5 Bxf5 26.Nb4 Be6 27.Nxd5 Bxd5 28.Bxd5 b5
29.Bf3 Qe5 30.Qc2 h5 31.Rd2 Qe1+ 32.Kg2 g4 33.hxg4 hxg4 34.Bb7 Qe7 35.Bd5 Qe5
36.Qg6+ Kh8 37.Bxf7 Rb8 38.Bb3 Qe4+ 39.Qxe4 Nxe4 40.Rd4 Nf6 41.Rf4 Kg7 42.Bd1 Rd8
43.Bxg4 Rd2 44.Kf3 Rxb2 45.a4 a5 46.axb5 Rxb5 47.Rc4 Re5 48.Rc7+ Kg6 49.c4 Ne8
50.Rc6+ Kg7 51.c5 Kf7 52.Rc8 Ke7 53.c6 Kd6 54.Rd8+  1-0

[Event "WYb16"]
[Site "Kemer TUR"]
[Date "2007.11.26"]
[Round "9"]
[White "Cabrera Trujillo,J"]
[Black "Yilmazyerli,M"]
[Result "1/2-1/2"]
[WhiteElo "2317"]
[BlackElo "2120"]

1.e4 c5 2.Nf3 Nc6 3.Nc3 Nf6 4.Bb5 Nd4 5.e5 Nxb5 6.Nxb5 Nd5 7.Ng5 f6 8.Qf3 fxg5
9.Qxd5 Qb6 10.Nc3 Qc6 11.Qxc6 dxc6 12.Ne4 Bf5 13.Nxc5 b6 14.Nb3 Bxc2 15.d4 h6
16.f3  1/2-1/2

[Event "WYb18"]
[Site "Kemer TUR"]
[Date "2007.11.26"]
[Round "9"]
[White "Del Castilho,M"]
[Black "Genzling,A"]
[Result "1/2-1/2"]
[WhiteElo "2126"]
[BlackElo "2279"]

1.e4 c5 2.Nf3 Nc6 3.Nc3 g6 4.d4 cxd4 5.Nxd4 Bg7 6.Be3 Nf6 7.Bc4 Qa5 8.O-O O-O
9.Bb3 d6 10.h3 Bd7 11.f4 Nxd4 12.Bxd4 Bc6 13.Qd3 Rad8 14.Rad1 e5 15.Be3 Nxe4
16.Nxe4 d5 17.Ng5 e4 18.Qd2 Qxd2 19.Rxd2 h6 20.Nxf7 Rxf7 21.c3 b5 22.g4 Rfd7
23.Rfd1  1/2-1/2

[Event "I FEXERJ"]
[Site "Rio de Janeiro BRA"]
[Date "2007.11.26"]
[Round "2"]
[White "Di Berardino,D"]
[Black "Felgaer,R"]
[Result "1/2-1/2"]
[WhiteElo "2430"]
[BlackElo "2539"]

1.e4 c5 2.Nf3 Nc6 3.Nc3 g6 4.d4 cxd4 5.Nxd4 Bg7 6.Be3 Nf6 7.Bc4 d6 8.f3 O-O
9.Qd2 Nxd4 10.Bxd4 Be6 11.Bb3 Qa5 12.O-O-O b5 13.Kb1 b4 14.Nd5 Bxd5 15.exd5 Qb5
16.Rhe1 a5 17.Qe2 Qxe2 18.Rxe2 a4 19.Bc4 Rfc8 20.b3 Rc7 21.Rde1 Kf8 22.g4 Rb7
23.g5 Nh5 24.Re4 axb3 25.Bxb3 Ra5 26.Rd1 f6 27.f4 f5 28.Bxg7+ Kxg7 29.Rc4 h6
30.gxh6+ Kxh6 31.Rdd4 Rab5 32.Ba4 Ra5 33.Bb3 Rab5 34.Ba4 Ra5 35.Bb3  1/2-1/2

[Event "WYb14"]
[Site "Kemer TUR"]
[Date "2007.11.27"]
[Round "10"]
[White "Rahimov,R"]
[Black "Postolachi,V"]
[Result "1/2-1/2"]
[WhiteElo "2120"]
[BlackElo "1965"]

1.e4 c5 2.Nf3 Nc6 3.Nc3 g6 4.d4 cxd4 5.Nxd4 Bg7 6.Be3 Nf6 7.Bc4 Qa5 8.O-O O-O
9.Nb3 Qc7 10.Be2 d6 11.f4 a6 12.Bf3 Bd7 13.Qd2 b5 14.Nd5 Nxd5 15.exd5 Na7
16.Bd4 Nc8 17.Rae1 Re8 18.Re2 Nb6 19.Bxg7 Kxg7 20.Rfe1 Bc8 21.Qd4+ Kg8 22.Na5 Bb7
23.Nxb7 Qxb7 24.f5 Nc4 25.fxg6 hxg6 26.h4 Qa7 27.Qxa7 Rxa7 28.g3 Nxb2 29.h5 Nc4
30.hxg6 fxg6 31.Bg4 Ne5 32.Be6+ Kg7 33.Ra1 Rc7 34.a4 b4 35.Rf1 Rf8 36.Rxf8 Kxf8
37.a5 Rc5 38.Re4 Rxa5 39.Rxb4 Ra1+ 40.Kf2 Ra2 41.Kf1 a5 42.Rb8+ Kg7 43.Re8 Kf6
44.Rf8+ Kg5 45.Re8 a4 46.Rxe7 a3 47.Ra7 Nc4 48.Ke2 Rxc2+ 49.Kd3 Rc1 50.Kd4 Kf6
51.Rf7+ Kg5 52.Ra7 Kh6 53.Bg8 Kh5 54.Be6 Kg5 55.Ra8 Kf6 56.Ra7 Rc2 57.Kd3 Rc1  1/2-1/2

[Event "WYb16"]
[Site "Kemer TUR"]
[Date "2007.11.27"]
[Round "10"]
[White "Pereira,Rub"]
[Black "Recuero Guerra,D"]
[Result "1-0"]
[WhiteElo "2401"]
[BlackElo "2407"]

1.e4 c5 2.Nc3 Nc6 3.Nf3 Nf6 4.d4 cxd4 5.Nxd4 d6 6.Bc4 Na5 7.Bb5+ Bd7 8.Qe2 Rc8
9.O-O a6 10.Bd3 g6 11.Nb3 Bg7 12.Nd5 Be6 13.Nxa5 Qxa5 14.Bd2 Qd8 15.Nxf6+ Bxf6
16.c4 O-O 17.Rab1 Qd7 18.b3 Bd4 19.Kh1 Rc5 20.f4 Bg4 21.Qe1 f5 22.Bb4 Rc7
23.exf5 Bxf5 24.Bxf5 Qxf5 25.Rd1 Qf6 26.Rf3 Bb2 27.Qd2 b6 28.Qd5+ Qf7 29.Qd2 Bg7
30.Qf2 Rc6 31.Qe2 Rfc8 32.Qf1 b5 33.cxb5 axb5 34.Qxb5 Rc2 35.a4 Rb2 36.Bd2 Rcc2
37.Qd3 Qe6 38.Re3 Qg4 39.Qd5+ Kf8 40.Rde1 Rxd2 41.Qa8+ Kf7 42.Rxe7+ Kf6 43.Rf7+ Kxf7
44.Qe8+ Kf6 45.Qe7+ Kf5 46.Qe6+ Kxf4 47.Re4+ Kg5 48.Qxg4+  1-0

[Event "WYb14"]
[Site "Kemer TUR"]
[Date "2007.11.27"]
[Round "10"]
[White "Ospanov,N"]
[Black "Halvax,G"]
[Result "1-0"]
[WhiteElo "2130"]
[BlackElo "2059"]

1.e4 c5 2.Nf3 Nc6 3.Nc3 Nf6 4.Bc4 g6 5.d4 cxd4 6.Nxd4 Bg7 7.Nxc6 bxc6 8.e5 Ng8
9.Qf3 f6 10.O-O Qa5 11.Re1 Ba6 12.Bxg8 Rxg8 13.exf6 Bxf6 14.Qxf6 O-O-O 15.Qxe7 Rde8
16.Qxe8+ Rxe8 17.Rxe8+ Kb7 18.Bf4 Bc4 19.Rb8+ Ka6 20.b4 Qf5 21.Na4  1-0

[Event "WYb14"]
[Site "Kemer TUR"]
[Date "2007.11.27"]
[Round "10"]
[White "Iljiushenok,I"]
[Black "Rzayev,B"]
[Result "1-0"]
[WhiteElo "2157"]
[BlackElo "2125"]

1.e4 c5 2.Nc3 Nc6 3.Bb5 Nd4 4.Bc4 e6 5.Nf3 d6 6.Nxd4 cxd4 7.Ne2 e5 8.c3 Nf6
9.cxd4 Nxe4 10.O-O Ng5 11.dxe5 dxe5 12.d4 exd4 13.Bb5+ Bd7 14.Bxd7+ Kxd7
15.Qxd4+ Bd6 16.Rd1 Qf6 17.Bxg5 Qxd4 18.Rxd4 Rhe8 19.Nc3 Re6 20.Bf4 Rae8
21.Rxd6+ Rxd6 22.Bxd6 Kxd6  1-0

[Event "20th Belgrade Trophy"]
[Site "Belgrade SRB"]
[Date "2007.11.28"]
[Round "7"]
[White "Vesovic,N"]
[Black "Jovic,Sl"]
[Result "1-0"]
[WhiteElo "2106"]
[BlackElo "1882"]

1.e4 c5 2.Nf3 Nc6 3.Nc3 Nf6 4.a3 d6 5.h3 g6 6.Bc4 Bg7 7.d3 a6 8.Be3 b5 9.Ba2 O-O
10.Qd2 Qc7 11.Ne2 Na5 12.Ng3 Bb7 13.O-O Rac8 14.Bh6 c4 15.Bxg7 Kxg7 16.Qg5 Ng8
17.Rac1 h6 18.Qe3 Qc5 19.d4 Qb6 20.c3 e6 21.Qe2 Ba8 22.Rcd1 Rfe8 23.Nh4 f5
24.Bb1 g5 25.exf5 gxh4 26.Qg4+ Kf7 27.Nh5 Ke7 28.Qxh4+ Kd7 29.fxe6+ Kc7 30.Rfe1 Qb7
31.f3 Kb8 32.Qg3 Rcd8 33.Ng7 Rf8 34.Nf5 Rfe8 35.Kh2 Qc6 36.Re2 Ne7 37.Nxh6 Nc8
38.Nf7 Rg8 39.Nxd8 Rxg3 40.Nxc6+ Nxc6 41.Kxg3  1-0

[Event "WYb16"]
[Site "Kemer TUR"]
[Date "2007.11.28"]
[Round "11"]
[White "Shankland,S"]
[Black "Poetsch,H"]
[Result "1/2-1/2"]
[WhiteElo "2201"]
[BlackElo "2264"]

1.e4 c5 2.Nf3 Nc6 3.Nc3 Nf6 4.Bb5 Qc7 5.O-O e5 6.d3 Be7 7.Bg5 a6 8.Bc4 d6
9.h3 O-O 10.a4 Be6 11.b3 h6 12.Bxf6 Bxf6 13.Re1 Nd4 14.Nd5 Bxd5 15.Bxd5 Rab8
16.Nh2 Qa5 17.Ng4 Bg5 18.Ne3 Qc3 19.Ra2 Kh8 20.a5 Bxe3 21.fxe3 Nc6 22.Rf1 Nb4
23.Ra4 Qxc2 24.Qxc2 Nxc2 25.Rf3 Ne1 26.Rxf7 Rxf7 27.Bxf7 Nxd3 28.Ra1 Nb4
29.Rd1 Rd8 30.Bg6 Nc6 31.Ra1 Kg8 32.Rf1 Nxa5 33.Bf7+ Kh7 34.Bd5 b5 35.Ra1 Nxb3
36.Bxb3 c4 37.Bd1 Ra8 38.Be2 Rc8 39.Kf2 b4 40.Rc1 c3 41.Bd1 a5 42.Ke2 Kg6
43.Bb3 Kf6 44.Rf1+ Kg5 45.g3 Ra8 46.Ra1 Kf6 47.Kd3 Ke7 48.Bc2 Kd7  1/2-1/2

[Event "WYb16"]
[Site "Kemer TUR"]
[Date "2007.11.28"]
[Round "11"]
[White "Kleijn,C"]
[Black "Durarbeyli,V"]
[Result "1/2-1/2"]
[WhiteElo "2210"]
[BlackElo "2461"]

1.e4 c5 2.Nf3 Nc6 3.Nc3 g6 4.d4 cxd4 5.Nxd4 Bg7 6.Be3 Nf6 7.Bc4 Qa5 8.O-O O-O
9.Bb3 d6 10.f3 Bd7 11.Qd2 Rfe8 12.Rad1 Rac8 13.Nxc6 bxc6 14.Ne2 Qxd2 15.Rxd2 c5
16.Bc4 Bc6 17.b3 Nd7 18.Nf4 Nb6 19.Ba6 Rb8 20.Nd5 Nxd5 21.exd5 Bb5 22.Bxb5 Rxb5
23.c4 Rb7 24.Rd3 a5 25.Bd2 Bd4+ 26.Be3 Bf6 27.Bd2 a4 28.Bc3 axb3 29.Bxf6 b2
30.Bxb2 Rxb2 31.Rf2 Rb1+ 32.Rf1 Reb8 33.Rdd1 R1b2 34.Ra1 R8b4 35.Rf2 Rxf2
36.Kxf2 Rxc4 37.a4 Rb4 38.a5 Rb7 39.a6 Ra7 40.Ke3 e6 41.dxe6 fxe6 42.Kd3 d5
43.Ra5 Kg7 44.Rxc5 Rxa6 45.Rc7+ Kf6 46.Rxh7 Ra2 47.g3 e5 48.Rd7 Ke6 49.Rg7 Kf5
50.Rf7+ Ke6 51.Rg7 Rxh2 52.Rxg6+ Kf5 53.Rg8 Rg2 54.Rf8+ Ke6 55.Re8+ Kf6 56.Rg8 Kf7
57.Rg5 Ke6 58.Rg6+ Kf5 59.Rg8 d4  1/2-1/2

[Event "WYb18"]
[Site "Kemer TUR"]
[Date "2007.11.28"]
[Round "11"]
[White "Leenaerts,R"]
[Black "Abasov,N"]
[Result "1-0"]
[WhiteElo "2115"]
[BlackElo "2216"]

1.e4 c5 2.Nf3 Nc6 3.Nc3 e5 4.Bc4 Be7 5.d3 Nf6 6.Nd5 O-O 7.c3 d6 8.Ne3 Be6
9.Bb3 Qd7 10.O-O Rad8 11.Ba4 a6 12.Ng5 d5 13.Qf3 b5 14.Bc2 g6 15.Nxe6 fxe6
16.Qh3 c4 17.dxc4 bxc4 18.b4 cxb3 19.axb3 d4 20.Rd1 Qc8 21.Nc4 dxc3 22.Bh6 Nd4
23.Bxf8 Kxf8 24.Ne3 Kg7 25.g3 Nxc2 26.Nxc2 Rd2 27.Ne3 Nxe4 28.Rxd2 cxd2 29.Qf1 Bg5
30.Qc4 Qb7 31.Nd1 Be7 32.Qxe6 Ng5 33.Qxa6 Nh3+ 34.Kf1 Qe4 35.Qa8 Qd3+ 36.Kg2 Ng5
37.h4 Nf7 38.Qf3 Qf5 39.Ra4 Qd7 40.Re4 Bf6 41.Re3 g5 42.Rd3 Qe6 43.Qe4 gxh4
44.gxh4 Nd6 45.Qd5 Qxd5+ 46.Rxd5 Nf5 47.Rxd2 Nd4 48.b4 Bxh4 49.Nc3 Kf7 50.Ra2 Ke6
51.Ra6+ Kd7 52.Rh6 Bg5 53.Rxh7+ Kc6 54.Rg7 Bd2 55.Rg6+ Kb7 56.Nd5 Nf5 57.Re6 Nd4
58.Rxe5 Kc6 59.Ne7+ Kc7 60.Rc5+ Kb7 61.Nd5  1-0

[Event "Open"]
[Site "Rijeka CRO"]
[Date "2007.11.28"]
[Round "5"]
[White "Saric,Ib"]
[Black "Palac,M"]
[Result "1/2-1/2"]
[WhiteElo "2541"]
[BlackElo "2567"]

1.e4 c5 2.Nf3 Nc6 3.Nc3 d6 4.d4 cxd4 5.Nxd4 Nf6 6.Bg5 e6 7.Qd2 a6 8.O-O-O Be7
9.f3 Nxd4 10.Qxd4 b5 11.h4 Qc7 12.Kb1 Bb7 13.Qd2 Rc8 14.Bd3 h6 15.Be3 Nd7
16.Bd4 Ne5 17.f4 Nxd3 18.cxd3 e5 19.Be3 exf4 20.Bxf4 Qd7 21.g4 b4 22.Nd5 Bxd5
23.exd5 b3 24.axb3 Rc5 25.g5 hxg5 26.Bxg5 Bxg5 27.Qxg5 O-O 28.h5 f6 29.Qg6 Qf7
30.Qg3 Rxd5 31.Rdg1 Rb8 32.Rg2 Rxb3 33.Rhg1 Rg5 34.Qxd6 Rxb2+ 35.Kxb2 Rxg2+  1/2-1/2

[Event "20th Belgrade Trophy"]
[Site "Belgrade SRB"]
[Date "2007.11.29"]
[Round "8"]
[White "Pancevski,F"]
[Black "Stojanovic,Da"]
[Result "0-1"]
[WhiteElo "2340"]
[BlackElo "2510"]

1.e4 c5 2.Ne2 Nc6 3.Nbc3 d6 4.d4 cxd4 5.Nxd4 Nf6 6.Bc4 Bd7 7.Bb3 g6 8.Be3 Ng4
9.Nxc6 bxc6 10.Bg5 Qa5 11.Qd2 h6 12.Bf4 g5 13.Bg3 Bg7 14.h4 Be6 15.Rd1 Ne5
16.Qe2 Rb8 17.O-O Bf6 18.Bh2 g4 19.Bg3 h5 20.Kh1 Qc5 21.Rfe1 Kf8 22.Rc1 Kg7
23.Rcd1 Qa5 24.Qe3 Qb6 25.Qe2 c5 26.Bxe6 fxe6 27.b3 Rbf8 28.Qd2 Qa5 29.Qe3  0-1

[Event "20th Belgrade Trophy"]
[Site "Belgrade SRB"]
[Date "2007.11.29"]
[Round "8"]
[White "Drobnjak,Z"]
[Black "Danojlic,P"]
[Result "1-0"]
[WhiteElo "2188"]
[BlackElo "1882"]

1.e4 c5 2.Nf3 Nc6 3.Nc3 d6 4.d4 cxd4 5.Nxd4 a6 6.Bc4 e6 7.Bb3 Nf6 8.Be3 Be7
9.Qe2 Bd7 10.O-O-O b5 11.Nxc6 Bxc6 12.e5 Ng8 13.Qg4 Kf8 14.exd6 Bf6 15.Rhe1 h5
16.Qb4 a5 17.Qc5 Qd7 18.a4 bxa4 19.Nxa4 Bd8 20.Qa3 Qb7 21.d7+ Ne7 22.Bc5 Bxd7
23.Rd2 Ke8 24.Red1 Bc6 25.Bd6 Nd5 26.Bxd5 Bxd5 27.Rxd5 Rc8 28.Nc5 Qb4 29.Nxe6 Qg4
30.Nxg7+ Kd7 31.Bf4+ Kc6 32.Qd6+ Kb7 33.Rb5+ Ka7  1-0

[Event "20th Belgrade Trophy"]
[Site "Belgrade SRB"]
[Date "2007.11.30"]
[Round "9"]
[White "Milojevic,M"]
[Black "Kovacevic,Bo"]
[Result "1-0"]
[WhiteElo "2097"]
[BlackElo "1849"]

1.e4 c5 2.Nf3 Nc6 3.Nc3 Nf6 4.d4 cxd4 5.Nxd4 e5 6.Ndb5 d6 7.Nd5 Nxd5 8.exd5 Nb8
9.c4 Be7 10.Bd3 O-O 11.Be3 f5 12.f3 a6 13.Nc3 Bh4+ 14.g3 f4 15.Bf2 Bg5 16.Qc2 g6
17.g4 Bh4 18.O-O-O Bxf2 19.Qxf2 Qc7 20.Kb1 Kg7 21.h4 h6 22.Qc2 Qf7 23.Ne4 Rd8
24.Rdg1 Ra7 25.Rg2 b5 26.cxb5 axb5 27.g5 h5 28.Nf6 Na6 29.Qd2 Nc5 30.Bc2 Bf5
31.Bxf5 gxf5 32.b4 Nd7 33.Qd3 Nxf6 34.gxf6+ Kxf6 35.Rg5 Qh7 36.Rhg1 Rda8
37.R1g2 Ra3 38.Qxb5 Rxf3 39.Rg7 Qxg7 40.Rxg7 Kxg7 41.Qb7+  1-0

[Event "Open"]
[Site "Rijeka CRO"]
[Date "2007.11.30"]
[Round "7"]
[White "Sedlak,N"]
[Black "Miladinovic,I"]
[Result "1/2-1/2"]
[WhiteElo "2605"]
[BlackElo "2603"]

1.e4 c5 2.Nc3 Nc6 3.Bb5 Nd4 4.Ba4 a6 5.Bb3 b5 6.Bd5 Rb8 7.a3 e6 8.Ba2 Qg5
9.g3 h5 10.d3 Qd8 11.Nce2 Nxe2 12.Qxe2 Bb7 13.Nh3 Be7 14.O-O Nf6 15.f3 Rc8
16.c3 d5 17.e5 Nd7 18.d4 Qb6  1/2-1/2

[Event "TCh-AUT 1st Bundesliga 2007-8"]
[Site "Baden AUT"]
[Date "2007.12.01"]
[Round "2"]
[White "Polzin,R"]
[Black "Meszaros,T"]
[Result "1-0"]
[WhiteElo "2504"]
[BlackElo "2442"]

1.e4 c5 2.Nc3 Nc6 3.Bb5 Nd4 4.Bc4 e6 5.Nf3 Ne7 6.Nxd4 cxd4 7.Ne2 Nc6 8.O-O g6
9.c3 Bg7 10.Bb5 O-O 11.Qa4 d5 12.Bxc6 bxc6 13.Nxd4 dxe4 14.Qxc6 Rb8 15.Qxe4 Bb7
16.Qe3 e5 17.Nb3 f5 18.f3 Bd5 19.d3 a5 20.Nc5 Qd6 21.b3 Rfc8 22.Ba3 Bf7 23.Rfd1 Rb5
24.d4 exd4 25.cxd4 Rd8 26.Bb2 Rxc5 27.dxc5 Qxd1+ 28.Rxd1 Rxd1+ 29.Kf2 Bxb2
30.Qe7 Ba3 31.Qc7 Rc1 32.c6 Rc2+ 33.Kg3 Rd2 34.Qb8+ Kg7 35.Qe5+ Kg8 36.Qxa5 Bd6+
37.Kh3 Rc2 38.Qd8+ Bf8 39.Qd7  1-0

[Event "17th TCh-SLO w"]
[Site "Ljubljana SLO"]
[Date "2007.12.01"]
[Round "3"]
[White "Krivec,J"]
[Black "Ankerst,Mil"]
[Result "1-0"]
[WhiteElo "2315"]
[BlackElo "2102"]

1.e4 c5 2.Nc3 Nc6 3.Bb5 g6 4.Bxc6 dxc6 5.d3 Bg7 6.Be3 b6 7.Qd2 e5 8.f4 f6
9.Nf3 Ne7 10.fxe5 fxe5 11.Bh6 Bf6 12.O-O Qd6 13.Qf2 Be6 14.Ng5 Ng8 15.Nxe6 Qxe6
16.Bg5 Be7 17.a4 a5 18.Nd1 Kd7 19.Bxe7 Nxe7 20.Ne3 Rae8 21.Nc4 Nc8 22.Qh4 Re7
23.Rf6 Qg8 24.Raf1 Qe8 25.Qg5 Kc7 26.Rf7 Rxf7 27.Rxf7+ Qxf7 28.Qxe5+ Kb7
29.Qxh8 Qd7 30.Qxc8+ Qxc8 31.Nd6+ Kc7 32.Nxc8 Kxc8 33.Kf2 Kd7 34.Ke3 Ke6
35.Kf4 h6 36.c4 Kf6 37.h4 Ke6 38.g4 Kf6 39.e5+ Ke6 40.h5 gxh5 41.gxh5 Ke7
42.Kf5 Kf7 43.e6+ Ke7 44.Ke5  1-0

[Event "TCh-BEL 2007-8"]
[Site "Belgium BEL"]
[Date "2007.12.02"]
[Round "5"]
[White "Van den Dikkenberg,E"]
[Black "Allaert,D"]
[Result "1-0"]
[WhiteElo "2111"]
[BlackElo "2067"]

1.e4 c5 2.Nf3 Nc6 3.Nc3 e5 4.Bc4 Be7 5.O-O Nf6 6.d3 O-O 7.Bg5 d6 8.Bxf6 Bxf6
9.Nd2 Bg5 10.Nd5 Ne7 11.Nb1 Nxd5 12.Bxd5 Kh8 13.Nc3 g6 14.a4 Rb8 15.Ra3 f5
16.exf5 gxf5 17.Qh5 Bd7 18.Raa1 Qe7 19.Nb5 Be8 20.Qe2 a6 21.Nc3 Qg7 22.a5 Rf6
23.Rae1 Bd7 24.Qh5 Rg6 25.g3 Bd8 26.Ra1 Bf6 27.Qf3 f4 28.Kh1 Bg4 29.Qe4 Bg5
30.f3 Bh3 31.Rg1 Qh6 32.g4 Bh4 33.Bf7 Rg5 34.Nd5 Bf2 35.Rgd1 Qg7 36.Bh5 Rxh5
37.Qe2 e4 38.dxe4 Rxd5 39.Rxd5 Bd4 40.Rxd6 h5 41.Rd5 hxg4 42.Rh5+ Kg8 43.Qc4+ Kf8
44.Qe6 Qe7 45.Rf5+ Ke8 46.Qg8+ Kd7 47.Qxb8 Kc6 48.c3 gxf3 49.Qc8+ Kb5 50.cxd4 Bg2+
51.Kg1 f2+ 52.Kxf2 Qh4+ 53.Kg1  1-0

[Event "Four Nations Jr Teams"]
[Site "Oslo NOR"]
[Date "2007.12.02"]
[Round "3"]
[White "Skovgaard,Pe2"]
[Black "Zickus,S"]
[Result "1-0"]
[WhiteElo "2253"]
[BlackElo "2253"]

1.e4 c5 2.Nf3 Nc6 3.Nc3 e5 4.Bc4 d6 5.d3 Be7 6.Nd2 Nf6 7.Nf1 Bg4 8.Qd2 O-O
9.Ne3 Be6 10.O-O Nd4 11.a4 Qd7 12.Ncd5 Ng4 13.c3 Nxe3 14.Nxe3 Bxc4 15.cxd4 Ba6
16.dxe5 dxe5 17.Nd5 Bd6 18.Qc3 b6 19.f4 f6 20.Qb3 Kh8 21.f5 Rac8 22.Rd1 Rfd8
23.a5 b5 24.Be3 Bf8 25.Rd2 Bb7 26.a6 Bxd5 27.exd5 b4 28.Ra5 Qxd5 29.Qxd5 Rxd5
30.Kf2 g6 31.g4 Be7 32.Rb5 Bd8 33.Kf3 Bb6 34.Ke4 Rcd8 35.g5 fxg5 36.fxg6 hxg6
37.Bxg5 Rd4+ 38.Ke3 R8d7 39.Ke2 Rg4 40.Bf6+ Kg8 41.Bxe5 Rg2+ 42.Kd1 Rxd2+
43.Kxd2 Kf7 44.Rxb6 axb6 45.Bb8 b5 46.a7 Rxa7 47.Bxa7 c4 48.Bc5  1-0

[Event "Parsvnath ch-Commonwealth"]
[Site "New Delhi IND"]
[Date "2007.12.04"]
[Round "3"]
[White "Prasanna,Ra"]
[Black "Tejaswini,R"]
[Result "1-0"]
[WhiteElo "2228"]
[BlackElo "1967"]

1.e4 c5 2.Nc3 Nc6 3.Nf3 g6 4.d4 cxd4 5.Nxd4 Bg7 6.Be3 a6 7.Bc4 e6 8.O-O Nge7
9.a4 O-O 10.Qd2 Ne5 11.Bb3 Ng4 12.Bg5 h6 13.Bh4 g5 14.Bg3 Nc6 15.Nxc6 dxc6
16.Qe2 Nf6 17.Rad1 Qa5 18.Bd6 Re8 19.e5 Nd7 20.Bc4 b5 21.b4 Qd8 22.Bd3 Qb6
23.Qe4 Nf8 24.axb5 axb5 25.Nxb5 Ra4 26.Bc7 Qb7 27.Nd6 Qxc7 28.Nxe8 Qe7 29.Nd6 Bd7
30.Ra1 Rxa1 31.Rxa1 Ng6 32.Ra8+ Kh7 33.Ra7 Bxe5 34.Qxe5  1-0

[Event "Parsvnath ch-Commonwealth"]
[Site "New Delhi IND"]
[Date "2007.12.05"]
[Round "5"]
[White "Abhishek,K"]
[Black "Ramakrishna,J"]
[Result "0-1"]
[WhiteElo "2123"]
[BlackElo "2297"]

1.e4 c5 2.Nc3 Nc6 3.Nf3 g6 4.d4 cxd4 5.Nxd4 Bg7 6.Be3 d6 7.Bc4 Nf6 8.f3 Qb6
9.Bb5 Qc7 10.Nd5 Nxd5 11.exd5 a6 12.Ba4 b5 13.Nxc6 bxa4 14.Bd4 f6 15.Bc3 e5
16.h4 Bd7 17.Bb4 a5 18.Ba3 O-O 19.c3 f5 20.Qxa4 Bf6 21.O-O-O f4 22.Qc4 Rfc8
23.g3 fxg3 24.Rhg1 Bf5 25.Rxg3 Bg7 26.b3 Bf8 27.Kb2 Qb6 28.Qe2 a4 29.b4 Rxc6
30.dxc6 Qxc6 31.Qd2 Be6 32.Qd3 d5 33.Re1 Bg7 34.h5 Bf5 35.Qd2 d4 36.hxg6 hxg6
37.cxd4 exd4 38.Rc1 Qd6 39.Rgg1 d3+ 40.Kb1 Rb8 41.Rc4 Re8 42.Re4 Rxe4 43.fxe4 Qd4
44.Bb2 Qxg1+ 45.Qc1 Qxc1+ 46.Bxc1 Bxe4 47.Bd2 Kf7  0-1

[Event "Parsvnath ch-Commonwealth"]
[Site "New Delhi IND"]
[Date "2007.12.06"]
[Round "6"]
[White "Phadke,So1"]
[Black "Negi,D"]
[Result "1-0"]
[WhiteElo "2259"]
[BlackElo "2056"]

1.e4 c5 2.Nf3 Nc6 3.Nc3 g6 4.d4 cxd4 5.Nxd4 Bg7 6.Be3 Nf6 7.Bc4 O-O 8.Bb3 a5
9.a4 Ng4 10.Qxg4 Nxd4 11.Qh4 Nxb3 12.cxb3 Ra6 13.O-O Re6 14.Nd5 b6 15.f3 Bb7
16.Nf4 Rc6 17.Qf2 Bh6 18.Rac1 Rxc1 19.Rxc1 e5 20.Nd5 Bxe3 21.Nxe3 Qf6 22.Rd1 Qe6
23.Nd5 Bxd5 24.Rxd5 Rc8 25.Qd2 Qc6 26.Rxe5 Qc1+ 27.Qxc1 Rxc1+ 28.Kf2 Rc2+
29.Kg3 Kg7 30.Rb5 Rc6 31.b4 axb4 32.Rxb4 Kf6 33.Rb5 Ke7 34.Kf4 h6 35.h4 Kd6
36.h5 Kc7 37.hxg6 fxg6 38.g4 Rc4 39.Ke5 Rc6 40.f4 Re6+ 41.Kd4 Rf6 42.f5 gxf5
43.gxf5 d6 44.e5 dxe5+ 45.Kxe5 Rc6 46.f6 Kd7 47.Kf5 Rc8 48.Kg6  1-0

[Event "Parsvnath ch-Commonwealth"]
[Site "New Delhi IND"]
[Date "2007.12.06"]
[Round "6"]
[White "Ramnath,B"]
[Black "Singh,G"]
[Result "1-0"]
[WhiteElo "2115"]
[BlackElo "2292"]

1.e4 c5 2.Nf3 Nc6 3.Nc3 g6 4.Bc4 Bg7 5.O-O e6 6.d4 Nxd4 7.Nxd4 cxd4 8.Nb5 Qb6
9.c3 Ne7 10.Nxd4 O-O 11.Be3 Qc7 12.Bb3 a6 13.f4 d5 14.f5 exf5 15.exd5 Rd8
16.Qf3 Be5 17.h3 Bd7 18.a4 Rab8 19.Kh1 b5 20.a5 Be8 21.Nc2 Nc8 22.Nb4 Qb7
23.Rfe1 f6 24.d6+ Bf7 25.Bxf7+ Kxf7 26.Nc6 Rxd6 27.Nxb8 Qxb8 28.Bc5  1-0

[Event "Parsvnath ch-Commonwealth"]
[Site "New Delhi IND"]
[Date "2007.12.07"]
[Round "7"]
[White "Swathi,G"]
[Black "Ramnath,B"]
[Result "0-1"]
[WhiteElo "2316"]
[BlackElo "2115"]

1.e4 c5 2.Nf3 Nc6 3.Nc3 e5 4.Bc4 Be7 5.d3 Nf6 6.Ng5 O-O 7.f4 exf4 8.Bxf4 d6
9.O-O h6 10.Nf3 Bg4 11.Qd2 Kh7 12.a3 Qd7 13.Rae1 Bxf3 14.Rxf3 Nd4 15.Rff1 Ne6
16.Bg3 Ng4 17.Nd5 Bg5 18.Qd1 Ne5 19.Ba2 Qb5 20.b4 a5 21.h4 Bd8 22.bxa5 Bxa5
23.Qb1 Qd7 24.Nb6 Bxb6 25.Qxb6 Ra6 26.Qb2 Nd4 27.Re3 Ng4 28.Ree1 Ne5 29.Bxe5 dxe5
30.c3 Ne6 31.Bc4 Rd6 32.g3 Nc7 33.a4 Rg6 34.Kh2 Ne8 35.a5 Qg4 36.Qg2 Qd7
37.Qh3 Qe7 38.Qf5 Nd6 39.Qf2 f5 40.exf5 Nxf5 41.Re4 Rff6 42.Rg1 Nxh4  0-1

[Event "Parsvnath ch-Commonwealth"]
[Site "New Delhi IND"]
[Date "2007.12.08"]
[Round "8"]
[White "Ashwin,J"]
[Black "Stany,G"]
[Result "1-0"]
[WhiteElo "2478"]
[BlackElo "2097"]

1.e4 c5 2.Nf3 Nc6 3.Nc3 Nf6 4.Bb5 d6 5.e5 dxe5 6.Nxe5 Qc7 7.Nxc6 bxc6 8.Be2 Bf5
9.d3 Rd8 10.b3 e6 11.Bb2 Bd6 12.Bf3 c4 13.bxc4 Be5 14.Rc1 O-O 15.h3 Rb8 16.Ba1 Qa5
17.Qd2 Qc7 18.Ne2 Bxa1 19.Rxa1 e5 20.Ng3 e4 21.Nxf5 exf3 22.O-O fxg2 23.Rfe1 h6
24.Re7 Qb6 25.Rae1 Rfe8 26.Qf4 Rxe7 27.Rxe7 Re8 28.Qg3  1-0

[Event "ch-Marshall CC"]
[Site "New York USA"]
[Date "2007.12.08"]
[Round "2"]
[White "Hess,Ro"]
[Black "Swaminathan,R"]
[Result "1-0"]
[WhiteElo "2445"]
[BlackElo "2000"]

1.e4 c5 2.Nc3 Nc6 3.Bb5 g6 4.Nge2 Bg7 5.d3 Nd4 6.Bc4 e6 7.Bf4 d6 8.O-O Ne7
9.Nxd4 cxd4 10.Nb5 e5 11.Bg5 a6 12.Na3 h6 13.Qf3 O-O 14.Bf6 Be6 15.Rac1 Bxc4
16.Nxc4 b5 17.Bxe7 Qxe7 18.Nb6 Rab8 19.Nd5 Qd7 20.c3 dxc3 21.Rxc3 b4 22.Rc7 Qb5
23.h4 Rb7 24.Rxb7 Qxb7 25.Rc1 Qb5 26.Rc4 a5 27.h5 g5 28.b3 f6 29.Qf5 Qe8
30.g4 Kh8 31.Rc7 Qd8 32.Qg6 Rg8 33.Rf7 Qc8 34.Nxf6  1-0

[Event "UTD GM Invitational"]
[Site "Richardson USA"]
[Date "2007.12.08"]
[Round "3"]
[White "Boskovic,D"]
[Black "Kuljasevic,D"]
[Result "1/2-1/2"]
[WhiteElo "2465"]
[BlackElo "2464"]

1.e4 c5 2.Ne2 Nc6 3.Nbc3 Nf6 4.g3 d5 5.exd5 Nd4 6.Nxd4 cxd4 7.Nb5 a6 8.Nxd4 Qxd5
9.Nf3 e5 10.d3 Bg4 11.Bg2 O-O-O 12.Qe2 Bb4+ 13.c3 Bc5 14.O-O Rhe8 15.Be3 Bxe3
16.Qxe3 Bxf3 17.Bxf3 Qxd3 18.Qc5+ Kb8 19.Bg2 Qd6 20.Qe3  1/2-1/2

[Event "TCh-HUN 2007-8"]
[Site "Budapest HUN"]
[Date "2007.12.09"]
[Round "4"]
[White "Varga,Cs2"]
[Black "Cao Sang"]
[Result "1-0"]
[WhiteElo "2367"]
[BlackElo "2488"]

1.e4 c5 2.Nc3 Nc6 3.Bb5 e6 4.Nf3 Nge7 5.d4 cxd4 6.Nxd4 a6 7.Be2 b5 8.O-O Bb7
9.Bg5 Nxd4 10.Qxd4 Nc6 11.Qe3 Be7 12.Bxe7 Qxe7 13.Rad1 O-O 14.Rd2 Rfc8 15.Rfd1 Qb4
16.Rxd7 Rab8 17.Qf4 Rf8 18.Qc1 Ne5 19.R7d4 Qc5 20.a3 Nc6 21.R4d3 b4 22.axb4 Nxb4
23.Rg3 Rfd8 24.Qf4 g6 25.h4 Nxc2 26.Rgd3 Qe7 27.h5 Nb4 28.Rd7 Qf8 29.h6 Bc6
30.Rc7 Rxd1+ 31.Nxd1 Rb7 32.Rxb7 Bxb7 33.Ne3 Nc6 34.Ng4 f5 35.Bc4 Bc8 36.exf5 gxf5
37.Ne3 Ne7 38.Qg5+ Kh8 39.g4 Ng6 40.gxf5 exf5 41.Kf1 a5 42.Nd5 Qd6 43.Qe3 Qe5
44.Qb6 Bd7 45.Qd8+ Be8 46.Nf6 Qe7 47.Qxe7 Nxe7 48.Nxe8 f4 49.Nd6  1-0

[Event "Parsvnath ch-Commonwealth"]
[Site "New Delhi IND"]
[Date "2007.12.09"]
[Round "9"]
[White "Sangma,R"]
[Black "Venkatesh,M"]
[Result "0-1"]
[WhiteElo "2318"]
[BlackElo "2451"]

1.e4 c5 2.Nf3 Nc6 3.Nc3 d6 4.d4 cxd4 5.Nxd4 Nf6 6.Bg5 e6 7.Qd2 a6 8.O-O-O Bd7
9.f3 Be7 10.g4 h5 11.Bxf6 Bxf6 12.Nb3 hxg4 13.f4 Be7 14.Kb1 b5 15.Qg2 b4
16.Ne2 a5 17.Nbd4 Qb6 18.Nxc6 Bxc6 19.Nd4 Bb7 20.Qxg4 Kf8 21.Bc4 Bf6 22.e5 dxe5
23.fxe5 Rh4 24.Nxe6+ fxe6 25.Qg6 Rh6 26.Qg3 Bh4 27.Qf4+ Kg8 28.Rhg1 Rd8 29.Rdf1 Kh8
30.Bd3 Rg8 31.Rg6 Rxg6 32.Bxg6 Qd8 33.Bf7 Rf8 34.Qg4 Bg5 35.Qxe6 Bh6 36.Qg4 Qg5
37.Qxg5 Bxg5 38.e6 Be4 39.Re1 Rd8 40.b3 Rd4 41.a3 g6 42.axb4 axb4 43.e7 Bxe7
44.Bxg6 Bxg6 45.Rxe7 Kg8 46.Rc7 Rh4 47.Kb2 Bf7 48.Rd7 Kf8 49.Rd2 Ke7 50.c3 Rh3
51.cxb4 Rxb3+ 52.Kc2 Rxb4 53.Kc3 Rh4 54.Rf2 Bd5 55.Rb2 Kd6 56.Kd3 Ke5 57.Rb8 Rh3+
58.Ke2 Be4 59.Re8+ Kf4 60.Rf8+ Bf5 61.Kd2 Rd3+ 62.Kc1 Rh3 63.Kd2 Ke5 64.Re8+ Kd5
65.Rd8+ Ke4 66.Ke2 Be6 67.Kf2 Bd5 68.Rd7 Kd4 69.Rd8 Rf3+ 70.Ke2 Re3+ 71.Kf2 Rh3
72.Re8 Rxh2+ 73.Kg3 Rh7 74.Rd8 Rf7 75.Kg4 Rf2 76.Kg3 Rf1 77.Kg4 Ke5 78.Re8+ Be6+
79.Kg3 Rf6 80.Ra8 Rg6+ 81.Kf2 Bf5 82.Ke3 Rg3+ 83.Kd2 Be4 84.Ra5+ Bd5 85.Ra4 Be4
86.Ra5+ Kf4 87.Ra7 Rd3+ 88.Kc1 Ke3 89.Kb2 Kd2 90.Ra3 Rd4 91.Rh3 Rb4+ 92.Rb3 Rc4
93.Rh3 Bd3 94.Rh2+ Be2 95.Kb3 Rc1 96.Kb4 Rc6 97.Rg2 Ke3 98.Rh2 Rc7 99.Rh8 Bf3
100.Re8+ Kd4 101.Rh8 Rb7+ 102.Ka4 Bc6+ 103.Ka3 Bd5 104.Ka4 Be4 105.Ka5 Kc3
106.Rh5 Rb2 107.Rh3+ Kd4 108.Rh8 Rb3 109.Ka4 Rb7 110.Ka5 Kc3 111.Rh5 Rb2
112.Rh3+ Bd3 113.Rh5 Rb7 114.Rh3 Rb5+ 115.Ka4 Rg5 116.Re3 Rg1  0-1